| Поле | Инд. | ПП | Название | Значение |
|---|---|---|---|---|
| Тип записи | a | |||
| Библиографический уровень | m | |||
| 001 | Контрольный номер | 25e38b7b-11c6-43c1-8b9e-ac3821ac53a5 | ||
| 005 | Дата корректировки | 20140225153007.1 | ||
| 008 | Кодируемые данные | 990105 d | ||
| 020 | c | Цена, тираж | 12.00 | |
| 040 | a | Служба первич. каталог. | НБ ТвГУ | |
| 041 | a | Код языка текста | rus | |
| 080 | a | Индекс УДК | 781(075.3) | |
| 084 | a | Индекс другой классификации/Индекс ББК | Щ907.11 | |
| 090 | a | Полочн. индекс | Щ907.1 | |
| x | Авторский знак | Л 15 | ||
| 100 | 1_ | a | Автор | Ладухин Николай Михайлович |
| q | Полное имя | Ладухин Н. М. | ||
| 245 | 00 | a | Заглавие | Одноголосное сольфеджио |
| 260 | 0_ | a | Место издания | Москва |
| b | Издательство | Композитор | ||
| c | Дата издания | 1993 | ||
| 300 | a | Объем | 32 с. | |
| 650 | a | Основная рубрика | Музыкально-теоретические дисциплины | |
| x | Основная подрубрика | Учебники для ДМШ | ||
| 650 | a | Основная рубрика | Сольфеджио одноголосое | |
| x | Основная подрубрика | Нотные издания | ||
| 653 | a | Ключевые слова | Музыка | |
| a | Ключевые слова | Музыкально-теоретические дисциплины | ||
| a | Ключевые слова | Ноты | ||
| a | Ключевые слова | Огноголосное сольфеджио | ||
| a | Ключевые слова | Сольфеджио | ||
| a | Ключевые слова | Теория музыки | ||
| a | Ключевые слова | Учебники для ДМШ | ||
| 852 | t | Порядковый номер экземпляра | 2 | |
| p | Инвентарный номер | 640534 | ||
| p | Инвентарный номер | 640535 | ||
| 852 | t | Порядковый номер экземпляра | 48 - ь6331 | |
| 920 | a | Оператор | Гуль | |
| 930 | a | Новая/Ретро | Учебники | |
| a | Новая/Ретро | Ноты | ||
| 954 | a | Дата поступления на обработку | 29.10.93 | |
| a | Дата поступления на обработку | 29.10.93 | ||
| 999 | a | Подразделение 2 | Фил2 | |
| a | Подразделение 2 | Фил2 |